000 00441nam a22001697a 4500
005 20180720110119.0
008 160526b xxu||||| |||| 00| 0 eng d
020 _a9788125931263
041 _aeng
082 _b5239
_a658.162
100 _aGodbole, Prasad G
_91311
245 _aMergers Acquisitions and Corporate Restructuring
260 _aNew Delhi
_bAcademic Faundation
300 _a455p,
650 _aManagement
_9241
942 _cBK
999 _c1836
_d1835